000 00646nam a2200193 i 4500
001 36846
003 ES-MaACL
005 20230911063134.0
007 t|
008 030219s1930 sp ||||1| spa d
100 1 _aBullón y Fernández, Eloy,
_cMarqués de Selva Alegre,
_d1879-1957
_932523
245 1 3 _aLa independencia de Bélgica
_b: estudio histórico /
_cpor Marqués de Selva Alegre, Eloy Bullón y Fernández.
250 _a2ª ed.
260 _aMadrid :
_b[s.n.,
_c1930] (
_fRamona Velasco)
300 _a116 p. ;
_c19 cm.
651 4 _aBélgica-
_xHistoria.
_97873
852 _aES-MaACL
_jB-12590
999 _c36846
_d36846